Power plant stability capacitors and grounding : (Record no. 355291)

000 -LEADER
fixed length control field 02049nam a2200289 a 4500
001 - CONTROL NUMBER
control field ASIN0071800085
003 - CONTROL NUMBER IDENTIFIER
control field Nust- CAS-E
005 - DATE AND TIME OF LATEST TRANSACTION
control field 20180118181356.0
008 - FIXED-LENGTH DATA ELEMENTS--GENERAL INFORMATION
fixed length control field 140306s2012 xxu eng d
020 ## - INTERNATIONAL STANDARD BOOK NUMBER
International Standard Book Number 0071800085 (hardcover)
Terms of availability $70.00
020 ## - INTERNATIONAL STANDARD BOOK NUMBER
International Standard Book Number 9780071800082 (hardcover)
040 ## - CATALOGING SOURCE
Transcribing agency 0
050 04 - LIBRARY OF CONGRESS CALL NUMBER
Classification number TK1010
082 04 - DEWEY DECIMAL CLASSIFICATION NUMBER
Classification number 621.31015118
Author Mark ACO 2012
100 1# - MAIN ENTRY--PERSONAL NAME
Personal name Acosta, Orlando N.
245 10 - TITLE STATEMENT
Title Power plant stability capacitors and grounding :
Remainder of title numerical solutions /
Statement of responsibility, etc. Orlando N. Acosta.
250 ## - EDITION STATEMENT
Edition statement 1st ed.
260 ## - PUBLICATION, DISTRIBUTION, ETC.
Place of publication, distribution, etc. [S.l.] :
Name of publisher, distributor, etc. McGraw-Hill Professional,
Date of publication, distribution, etc. 2012.
300 ## - PHYSICAL DESCRIPTION
Extent 240 p. ;
Dimensions 24 cm.
520 ## - SUMMARY, ETC.
Summary, etc. Design and maintain highly stable electrical power systems Power Plant Stability, Capacitors, and Grounding is filled with numerical solutions of differential equations to help you solve complex electrical problems regarding the stability of powergenerating systems. After an overview of fundamental electrical engineering concepts, the book focuses on power system stability, high-voltage capacitors, safety, and electrical substation grounding systems. Case studies, problems, and examples are worked out and explained in great detail. The material presented in this practical guide is essential for the design, installation, operation, and maintenance of the vast network of interconnected electrical power systems. Coverage includes: * Power system basic knowledge * Power system stability * Transient stability problem in a simple electrical network * Transient stability problem in a multimachine network * High-voltage AC capacitors • Substation grounding * Dangerous electric currents * Ground grid preliminary design • Principles of ground mat design * Ground mat design with nonuniform current distribution.
650 #0 - SUBJECT ADDED ENTRY--TOPICAL TERM
Topical term or geographic name entry element Capacitors
650 #0 - SUBJECT ADDED ENTRY--TOPICAL TERM
Topical term or geographic name entry element Electric currents--Grounding
650 #0 - SUBJECT ADDED ENTRY--TOPICAL TERM
Topical term or geographic name entry element Electric networks
650 #0 - SUBJECT ADDED ENTRY--TOPICAL TERM
Topical term or geographic name entry element Electric power system stability--Mathematical models
856 40 - ELECTRONIC LOCATION AND ACCESS
Materials specified Amazon.com
Uniform Resource Identifier <a href="http://www.amazon.com/exec/obidos/ASIN/0071800085/chopaconline-20">http://www.amazon.com/exec/obidos/ASIN/0071800085/chopaconline-20</a>
942 ## - ADDED ENTRY ELEMENTS (KOHA)
Source of classification or shelving scheme
Koha item type Book
Holdings
Withdrawn status Lost status Source of classification or shelving scheme Damaged status Not for loan Collection code Permanent Location Current Location Shelving location Date acquired Source of acquisition Total Checkouts Full call number Barcode Date last seen Cost, replacement price Price effective from Koha item type
            US-Pakistan Center for Advanced Studies in Energy (USPCAS-E) US-Pakistan Center for Advanced Studies in Energy (USPCAS-E) General Stacks 04/16/2013 Victoria co   621.31015118 ACO 2012 CAS-E0000165 03/06/2014 7878.00 03/06/2014 Book
© 2023 Central Library, National University of Sciences and Technology. All Rights Reserved.